000 00573nam a22002177a 4500
003 OSt
005 20181002131923.0
008 181002b xxu||||| |||| 00| 0 eng d
020 _a0824704258
040 _cDNLM
082 _aQV737 R93c 2009
100 _aEditor Joseph D. Nally
_912694
245 _aGood Manufacturing Practices for Pharmaceuticals
250 _a6th ed.
260 _aNew York; Marcel Dekker, 2001
300 _a[500]p; ill: 24cm
504 _aAppendices included
650 _aPharmaceuticals
_95840
650 _aDrugs
_91642
942 _2z
_cSLOAN
999 _c6143
_d6143